|
|
|
|
| LEADER |
01375nam a2200265 u 4500 |
| 001 |
10015609 |
| 003 |
GR-PaULI |
| 005 |
20220419113504.0 |
| 008 |
881025s2020 gr 0 gre |
| 952 |
|
|
|0 0
|1 0
|2 ddc
|4 0
|6 370_949000000000000_5_ΓΛΗ
|7 0
|9 359326
|a LISP
|b LISP
|c DON
|d 2022-04-19
|e ΠΑΤ
|i 256324
|l 0
|o 370.949 5 ΓΛΗ
|p 025000291669
|r 2022-04-19 00:00:00
|t 1
|v 2022.00
|w 2022-04-19
|y BKN
|
| 999 |
|
|
|c 210017
|d 210017
|
| 020 |
|
|
|a 9789604993178
|
| 040 |
|
|
|a GR-PaULI
|c GR-PaULI
|b gre
|e AACR2
|
| 082 |
0 |
4 |
|a 370.949 5
|2 23
|
| 100 |
1 |
|
|a Γληνός, Δημήτρης,
|d 1882-1943
|e συγγραφέας.
|9 9473
|
| 245 |
1 |
2 |
|a Ο εθνικισμός στα σχολικά εγχειρίδια :
|b τα ελληνικά σχολικά βιβλία κατά και μετά τον Μεγάλο Πόλεμο /
|c Δημήτρης Γληνός, Σωκράτης Κουγέας ; εισαγωγή Γιώργος Δ. Μπουμπούς.
|
| 260 |
|
|
|a Αθήνα :
|b Τόπος,
|c 2020.
|
| 300 |
|
|
|a 99 σ. ;
|b
|c 24 εκ.
|
| 504 |
|
|
|a
|
| 650 |
|
4 |
|9 10910
|a Εθνικισμός και εκπαίδευση
|x Ελλάδα.
|
| 650 |
|
4 |
|9 4594
|a Εκπαίδευση
|z Ελλάδα.
|
| 650 |
|
4 |
|9 80821
|a Σχολικά βιβλία
|z Ελλάδα.
|
| 700 |
|
|
|9 53271
|a Κουγέας, Σωκράτης Β.,
|d 1877-1966
|e συγγραφέας.
|
| 942 |
|
|
|2 ddc
|c BKN
|
| 998 |
|
|
|c ΜΠΟΥΡΑΣ
|d 2022-04
|